书目信息 |
| 题名: |
生物摄影
|
|
| 作者: | 孙公良 | |
| 分册: | ||
| 出版信息: | 上海 1993 |
|
| 页数: | 132 | |
| 开本: | 19cm | |
| 丛书名: | 中学教师继续教育丛书 | |
| 单 册: | ||
| 中图分类: | Q-335 | |
| 科图分类: | ||
| 主题词: | 生物学--实验 , 生物技术 | |
| 电子资源: | ||
| ISBN: | ||
| 000 | 00566nam0 2200217 450 | |
| 001 | 0741144344 | |
| 005 | 20070817112544.34 | |
| 010 | @d¥3.80 | |
| 100 | @a20070817d km y0chiy0120 ea | |
| 101 | 0 | @achi |
| 200 | 1 | @a生物摄影@Asheng wu she ying@f孙公良@Fsun gong liang |
| 210 | @a上海@d1993 | |
| 215 | @a132@d19cm | |
| 225 | 2 | @a中学教师继续教育丛书 |
| 410 | 0 | @12001 @a中学教师继续教育丛书 |
| 606 | 0 | @a生物学@x实验 |
| 606 | 0 | @a生物技术 |
| 690 | @aQ-335@v3 | |
| 701 | 0 | @a孙公良@Asun gong liang |
| 801 | 0 | @aCN@bPFT@c20070817 |
| 905 | @a213230@dQ-335@en1@f1 | |
| 生物摄影/孙公良.-上海,1993 |
| 132;19cm.-(中学教师继续教育丛书) |
| ISBN :¥3.80 |
| ● |
| 相关链接 |
|
|
|
|
正题名:生物摄影
索取号:Q-335/n1
 
预约/预借
| 序号 | 登录号 | 条形码 | 馆藏地/架位号 | 状态 | 备注 |
| 1 | 6600968 | 266009687 | 密集书库-生命科学系/ [索取号:Q-335/n1] | 在馆 |